000 00629nam a2200205Ia 4500
005 20260121110130.0
008 008 260114s9999 xx 000 0 hin d
020 _a9788132366836
037 _aEBOOK
040 _aCRL
_bhin
_cCRL
041 _ahin
_2hin
084 _qCRL
100 _aविशेश भसीन / Vishesh Bhasin
_9942436
245 0 _aडेजर्ट मेकिंग / Dessert making
260 _bभाषा प्रकाशन / Bhasha Prakashan
_c2021
856 _uhttps://bhashaprakashan.com/product-details/379540
942 _cEBOOK
999 _c1534101
_d1534101